<?xml version="1.0" encoding="UTF-8"?>
<record
    xmlns:xsi="http://www.w3.org/2001/XMLSchema-instance"
    xsi:schemaLocation="http://www.loc.gov/MARC21/slim http://www.loc.gov/standards/marcxml/schema/MARC21slim.xsd"
    xmlns="http://www.loc.gov/MARC21/slim">

  <leader>00874nam a2200193 a 4500</leader>
  <datafield tag="020" ind1=" " ind2=" ">
    <subfield code="a">0750632569 (paperback)</subfield>
  </datafield>
  <datafield tag="020" ind1=" " ind2=" ">
    <subfield code="a">9780750632560 (paperback)</subfield>
  </datafield>
  <datafield tag="082" ind1=" " ind2=" ">
    <subfield code="a">574.192 BLA</subfield>
  </datafield>
  <datafield tag="100" ind1="1" ind2=" ">
    <subfield code="a">Blackstock, James C.</subfield>
  </datafield>
  <datafield tag="245" ind1="1" ind2="0">
    <subfield code="a">Biochemistry /</subfield>
  </datafield>
  <datafield tag="250" ind1=" " ind2=" ">
    <subfield code="a">1st ed.</subfield>
  </datafield>
  <datafield tag="260" ind1=" " ind2=" ">
    <subfield code="a">[S.l.] :</subfield>
    <subfield code="b">Hodder Education Publishers,</subfield>
    <subfield code="c">1998.</subfield>
  </datafield>
  <datafield tag="300" ind1=" " ind2=" ">
    <subfield code="a">320 p. ;</subfield>
  </datafield>
  <datafield tag="490" ind1="1" ind2=" ">
    <subfield code="a">Biomedical sciences explained.</subfield>
  </datafield>
  <datafield tag="520" ind1=" " ind2=" ">
    <subfield code="a">This Biochemistry volume covers what is a key topic for many biomedical disciplines focusing on the basic principles and reflecting the most recent advances in human and mammalian biochemistry. It provides an up to date synopsis which will form a basis from which to study related topics, or to study biochemistry at a more advanced level.</subfield>
  </datafield>
  <datafield tag="650" ind1=" " ind2=" ">
    <subfield code="a">biochemistry</subfield>
  </datafield>
  <datafield tag="856" ind1="4" ind2="0">
    <subfield code="u">http://www.amazon.com/exec/obidos/ASIN/0750632569/chopaconline-20</subfield>
  </datafield>
  <datafield tag="942" ind1=" " ind2=" ">
    <subfield code="c">BK</subfield>
  </datafield>
  <datafield tag="999" ind1=" " ind2=" ">
    <subfield code="c">1401</subfield>
    <subfield code="d">1401</subfield>
  </datafield>
  <datafield tag="952" ind1=" " ind2=" ">
    <subfield code="0">0</subfield>
    <subfield code="1">0</subfield>
    <subfield code="7">0</subfield>
    <subfield code="8">NFIC</subfield>
    <subfield code="a">MLCampus</subfield>
    <subfield code="b">MLCampus</subfield>
    <subfield code="c">GEN</subfield>
    <subfield code="d">2015-07-01</subfield>
    <subfield code="l">15</subfield>
    <subfield code="m">1</subfield>
    <subfield code="o">574.192 BLA</subfield>
    <subfield code="p">002679</subfield>
    <subfield code="r">2026-03-19 09:17:44</subfield>
    <subfield code="s">2026-03-05</subfield>
    <subfield code="w">2015-07-01</subfield>
    <subfield code="y">BK</subfield>
  </datafield>
  <datafield tag="952" ind1=" " ind2=" ">
    <subfield code="0">0</subfield>
    <subfield code="1">0</subfield>
    <subfield code="7">0</subfield>
    <subfield code="8">NFIC</subfield>
    <subfield code="a">IC</subfield>
    <subfield code="b">IC</subfield>
    <subfield code="c">GEN</subfield>
    <subfield code="d">2015-08-26</subfield>
    <subfield code="l">0</subfield>
    <subfield code="o">574.192 BLA</subfield>
    <subfield code="p">002327</subfield>
    <subfield code="r">2015-08-26 00:00:00</subfield>
    <subfield code="w">2015-08-26</subfield>
    <subfield code="y">REF</subfield>
  </datafield>
</record>
